சக்தி பிறக்குது (Record no. 2866)
[ view plain ]
| 000 -LEADER | |
|---|---|
| fixed length control field | 005840000a22002050004500 |
| 003 - CONTROL NUMBER IDENTIFIER | |
| control field | LK-CoMWRAF |
| 005 - DATE AND TIME OF LATEST TRANSACTION | |
| control field | 20240315162016.0 |
| 008 - FIXED-LENGTH DATA ELEMENTS--GENERAL INFORMATION | |
| fixed length control field | 230817t1997 ||||| |||| 00| 0 eng d |
| 040 ## - CATALOGING SOURCE | |
| Original cataloging agency | LK-CoMWRAF |
| Modifying agency | LK-CoMWRAF |
| Description conventions | LK-CoMWRAF |
| 041 ## - LANGUAGE CODE | |
| Language code of text/sound track or separate title | Tamil |
| 082 ## - DEWEY DECIMAL CLASSIFICATION NUMBER | |
| Classification number | 894.81137 |
| Item number | MAU |
| 942 ## - ADDED ENTRY ELEMENTS (KOHA) | |
| Koha item type | Books |
| 100 ## - MAIN ENTRY--PERSONAL NAME | |
| Personal name | மௌனகுரு, சி. |
| Personal name (Transliterated) | Maunaguru, S |
| 245 ## - TITLE STATEMENT | |
| Title | சக்தி பிறக்குது |
| 246 ## - VARYING FORM OF TITLE | |
| Title proper/short title | Sakthi Pirakkuthu |
| 260 ## - PUBLICATION, DISTRIBUTION, ETC. (IMPRINT) | |
| Place of publication, distribution, etc. | Colombo: |
| Name of publisher, distributor, etc. | WERC, |
| Date of publication, distribution, etc. | 1997 |
| 300 ## - PHYSICAL DESCRIPTION | |
| Extent | 75 p. |
| 856 ## - ELECTRONIC LOCATION AND ACCESS | |
| Uniform Resource Identifier | <a href="https://noolaham.net/project/11/1063/1063.pdf">https://noolaham.net/project/11/1063/1063.pdf</a> |
| 650 ## - SUBJECT ADDED ENTRY--TOPICAL TERM | |
| Topical term or geographic name as entry element | TAMIL DRAMA |
| Withdrawn status | Lost status | Damaged status | Not for loan | Permanent Location | Current Location | Date acquired | Full call number | Barcode | Koha item type |
|---|---|---|---|---|---|---|---|---|---|
| Resource center, Muslim Women's Research And Action Forum | Resource center, Muslim Women's Research And Action Forum | 2023-08-17 | 894.81137 MAU | RAF4712 | Books |

